Paroles - Si j'étais président - Gérard Lenorman - Statistiques

Statistiques générales
  • Ce quiz a été pris 316 fois
  • Le résultat moyen est 256 sur 361
Statistiques - réponses
Paroles % Correct
de
98%
De
98%
si
97%
Si
97%
Je
96%
j'étais
96%
la
96%
La
96%
Président
96%
président
96%
président?
96%
Président,
96%
République
95%
à
94%
au
89%
Au
89%
Un
89%
un
89%
et
88%
Et
88%
le
87%
ministre
86%
Mickey
85%
en
84%
se
82%
aux
81%
premier
81%
une
81%
des
80%
enfant
80%
finances
78%
Picsou
77%
triste
77%
plus
76%
mon
75%
les
74%
nommerais,
74%
Il
73%
Jamais
73%
jamais
73%
me
73%
Minnie
72%
Dans
70%
gouvernement,
68%
petit
68%
n'aurait
67%
sur,
67%
sur
67%
bien
66%
pensée
66%
peu
66%
moi,
64%
moi
64%
culture
63%
était
63%
garçon
63%
regard
63%
serait
63%
danse
62%
dis
62%
fois,
62%
serais
62%
lui
61%
Tintin
61%
artistes
59%
l'entrée
59%
blond
58%
tu
58%
Est
56%
magique
56%
ne
56%
police
55%
simplement,
55%
évidence
54%
phrase
54%
semble
54%
comme
53%
toutes
53%
attendait
52%
justice
52%
l'écologie
52%
Simplet
49%
Tarzan
49%
content,
48%
Maya
48%
on
48%
On
48%
Bécassine
47%
l'industrie
46%
mes
46%
Zorro
46%
Ce
45%
commerce,
45%
musique
45%
disco
41%
patisseries
41%
jours
40%
vers
40%
enfants
39%
ferait
38%
publiques
38%
conseil,
37%
déclarerais
37%
discours
37%
c'que
35%
J'écrirais
35%
néant,
35%
pique-nique
35%
irait
33%
Opposition
32%
trucs
32%
super
31%
Coluche
30%
marrants,
30%
Pour
30%
pour
30%
rigolade
30%
t'étais
30%
guerre
26%
corps
25%
Rien
25%
atomique
24%
avant,
24%
diplomatique
24%
grands
24%
l'ambiance
24%
s'rait
24%
coups
23%
f'rait
23%
notre
23%
nuit,
23%
Mais
22%
esplanades
20%
recevrais,
20%
pas
19%
Pas
19%
rythmique
19%
manèges
18%
sans
18%
ça
17%
nous,
17%
s'rais
17%
Vous
17%
vous
17%
Imposerait
16%
coulerait
15%
fontaines,
15%
bord
13%
petits
13%
l'orangeade
12%
temps,
12%
aimer
11%
copains,
11%
rigoler
11%
pratique
10%
risques
10%
tes
10%
vraiment,
10%
besoin
9%
chahuter
9%
faire
9%
s'éclaterait
9%
beau
8%
d'être
8%
politique
7%
pourrait
7%
sympathiques
7%
êtes
6%
malins
6%
p'tits
6%
comptez
5%
Aucun quiz correspondant
Distribution des résultats
% des personnes avec chaque résultat
Percentile par nombre de réponses
Votre historique - résultats
Vous n’avez pas pris ce quiz